000 00705nam a2200181Ia 4500
008 090124s9999 xx 000 0 und d
082 _b104324
100 _aपांडे लीला गणेश
245 _a महाराष्ट्राच्या कर्तुत्वशालिनी
250 _a1
260 _c1953
300 _a104
600 _aपांडे लीला गणेश
630 _a महाराष्ट्राच्या कर्तुत्वशालिनी
700 _aपांडे लीला गणेश
730 _a महाराष्ट्राच्या कर्तुत्वशालिनी
942 _cBOOK
999 _c150416
_d150416